000 00600nam a2200229Ia 4500
005 20240229110618.0
008 131103s9999 xx 000 0 und d
020 _a41675107
040 _aLoreto College
041 _aEnglish
082 _a371
_bCHA
100 _aChanan,Gabriel
245 _aWhat School Is For,
_cGabriel Chanan & Linda Gilchrist
260 _aLondon
_bMethuen and Co.
_c1974
300 _avii,133 p.
504 _aIncludes index
650 _aEducation
651 _aSchool and their activities
700 _aGilchrist,Linda,auth.
850 _aLCLIB
942 _cBK
999 _c9131
_d59610